00429nam a2200157Ia 4500008004100000020001400041082001200055100001700067245002200084250000800106260004300114300003000157500002300187600003300210650002800243240925s9999 xx 000 0 und d a198813309 a428 FOW aFowler, H. W 4aThe kings English a3rd aNew York:bOxford University PresscNA axxvii,278p.bNAfOriginal aIncludes Reference aHumanities & Natural Science aEnglish and Old English